| 000 | 00921nam a2200253Ia 4500 | ||
|---|---|---|---|
| 008 | 180523s9999 xx 000 0 und d | ||
| 020 | _a978-0-415-60162-7 | ||
| 050 | _aMAIN RA 566.5 | ||
| 050 | _b.D44E58 2010 | ||
| 245 | 0 | _aEnvironmental and human health : | |
| 245 | 0 | _brisk management in developing countries / | |
| 245 | 0 | _cEddie N. Laboy-Nieves, Evens Emmanuel, Mattheus Goosen, editors. | |
| 260 | _aNew York : | ||
| 260 | _bCRC Press, | ||
| 260 | _c2010 | ||
| 300 | _a276 pages : | ||
| 300 | _c25 cm. | ||
| 500 | _aIncludes index. | ||
| 650 | _aEconomic development - Health aspects -- Developing countries. | ||
| 650 | _aEnvironmental health -- Developing countries. | ||
| 650 | _aEnvironmental management -- Health aspects -- Developing countries. | ||
| 650 | _xHealth rish assessment -- Developing countries. | ||
| 650 | _xSustainable development -- Health aspects -- Developing countries. | ||
| 999 |
_c357616 _d357616 |
||